Statistics for European History Trivia

Click here to take the quiz!

General Stats

  • This quiz has been taken 494 times
  • The average score is 8 of 15

Answer Stats

QuestionAnswer% Correct
In what modern-day country was the Nazi concentration camp Auschwitz located?Poland
89%
Who was the longest reigning French monarch?Louis XIV
80%
Who was the leader of Spain from 1939-1975?Francisco Franco
78%
What is the largest former Yugoslav republic today (by population)?Serbia
76%
Who was the half-sister of Elizabeth I who also was queen?Mary I
75%
What city's fall in 1453 marked the de facto end of the Byzantine Empire?Constantinople
74%
What plot was Guy Fawkes involved in?Gunpowder Plot
55%
What island was Napoleon exiled to by the British?Saint Helena
55%
#2 to aboveAragon
51%
Who led Russia to become a great world power?Catherine the Great
49%
What two kingdoms were united with the marriage of Ferdinand and Isabella in 1469?Castilla
42%
What were supporters of Parliament during the English Civil War called?Roundheads
33%
Who started the first Crusade?Pope Urban II
29%
What royal house is currently in control of the Spanish throne?House of Bourbon
27%
What empire was the first to establish Muslim claims on the Iberian Peninsula?Umayyad Caliphate
17%

Score Distribution

Percentile by Number Answered

Percent of People with Each Score

Your Score History

You have not taken this quiz